000 00867nam a2200241Ia 4500
003 OSt
005 20220923221751.0
006 a|||||r|||| 00| 0
007 ta
008 220922b |||||||| |||| 00| 0 hin d
024 _a199,927
037 _cTextual
040 _aARTS
_cARTS
_bhin
041 _2hin
_ahin
082 _aQ29, 152J(TTPH)-;1-;2
100 _aचतुर्वेदी, परशुराम
245 0 _aउत्तरी भारत की संत परम्परा
246 _aUttarī bhārat kī santa paramparā
260 _aप्रंयाग
_b भारती भंडार
_c1951
490 _aभारतेन्दूपर्व ग्रंथमाला; 1
942 _hQ29, 152J(TTPH)-;1-;2
_cTEXL
_2CC
999 _c351629
_d351629